[Event "Cto Equipos Aragon 2013 Div. Honor II"]
[Site "Aragon"]
[Date "2013.01.26"]
[Round "1.24"]
[White "Gomez Salinas, Nestor"]
[Black "Fontana Sotomayor, Luis Javier"]
[Result "0-1"]
[WhiteElo "1883"]
[BlackElo "2315"]
[PlyCount "92"]
[EventDate "2013.??.??"]
[EventType "tourn"]
[EventRounds "7"]
[EventCountry "ESP"]
[WhiteTeam "Ramiro"]
[BlackTeam "Jaime Casas"]

1. e4 c6 2. d4 d5 3. Nc3 dxe4 4. Nxe4 Bf5 5. Ng3 Bg6 6. h4 h6 7. Nf3 Nd7 8. Bd3
Bxd3 9. Qxd3 Ngf6 10. Bd2 e6 11. O-O-O Be7 12. Rde1 O-O 13. Ne2 Ng4 14. Ref1 c5
15. Ng5 Ngf6 16. dxc5 Nxc5 17. Qxd8 Rfxd8 18. Nh3 Nce4 19. Bf4 Nd5 20. f3 Nc5
21. g3 Bf6 22. Nf2 Na4 23. c3 Rac8 24. Ne4 Be7 25. Rd1 f5 26. Nf2 Bf6 27. Kc2
b5 28. a3 a5 29. Kb3 Nc5+ 30. Ka2 b4 31. c4 b3+ 32. Ka1 Nxf4 33. Nxf4 Bd4 34.
N2d3 Nxd3 35. Rxd3 e5 36. Nd5 Rxc4 37. Ne3 Rcc8 38. Rhd1 a4 39. Nxf5 Rc2 40.
Nxd4 exd4 41. h5 Rdc8 42. Kb1 Rg2 43. R3d2 Rxg3 44. Rxd4 Rc2 45. R4d2 Rxd2 46.
Rxd2 Rg1+ 0-1

[Event "Cto Equipos Aragon 2013 Div. Honor II"]
[Site "Aragon"]
[Date "2013.01.26"]
[Round "1.25"]
[White "Forcen Esteban, Daniel"]
[Black "Juberias Segura, Santiago"]
[Result "1-0"]
[WhiteElo "2467"]
[BlackElo "2045"]
[PlyCount "59"]
[EventDate "2013.??.??"]
[EventType "tourn"]
[EventRounds "7"]
[EventCountry "ESP"]
[WhiteTeam "Ibercaja"]
[BlackTeam "St. Casablanca B"]

1. d4 Nf6 2. Nf3 g6 3. c4 Bg7 4. Nc3 O-O 5. e4 d6 6. Be2 e5 7. Be3 Nc6 8. d5
Ne7 9. Nd2 Ne8 10. f3 c5 11. Qc2 f5 12. g4 fxg4 13. fxg4 a6 14. O-O-O Nc7 15.
Rdf1 b5 16. h4 bxc4 17. Nxc4 Nb5 18. Bd1 Bd7 19. Rxf8+ Bxf8 20. h5 Be8 21. Rf1
Nxc3 22. Qxc3 Nc8 23. Qd2 Ra7 24. Bg5 Be7 25. Bh6 Bf6 26. g5 Bg7 27. Bg4 Bxh6
28. gxh6 Rc7 29. Be6+ Kh8 30. Rf8# 1-0

[Event "Cto Equipos Aragon 2013 Div. Honor II"]
[Site "Aragon"]
[Date "2013.01.26"]
[Round "1.26"]
[White "Cebollada Pacheco, Jesus Raul"]
[Black "Baron Rodriguez, Jesus"]
[Result "1/2-1/2"]
[WhiteElo "2030"]
[BlackElo "2438"]
[PlyCount "120"]
[EventDate "2013.??.??"]
[EventType "tourn"]
[EventRounds "7"]
[EventCountry "ESP"]
[WhiteTeam "St. Casablanca B"]
[BlackTeam "Ibercaja"]

1. e4 e5 2. Nf3 Nc6 3. Nc3 Nf6 4. Bb5 Bb4 5. O-O O-O 6. d3 d6 7. Bg5 Bxc3 8.
bxc3 Qe7 9. Bxc6 bxc6 10. Nd2 h6 11. Bxf6 Qxf6 12. Qf3 Qxf3 13. Nxf3 Rb8 14.
Rfb1 Be6 15. c4 f6 16. a3 Rb6 17. Rb4 Rfb8 18. Rab1 Kf7 19. Kf1 Ke7 20. Ke1 a5
21. R4b3 d5 22. exd5 cxd5 23. Rxb6 Rxb6 24. Rxb6 cxb6 25. cxd5 Bxd5 26. Ke2 b5
27. c3 Ke6 28. g3 f5 29. Nd2 Kd6 30. h4 g5 31. hxg5 hxg5 32. Nf3 g4 33. Nd2 f4
34. Nf1 Kc5 35. Nh2 Be6 36. Nf1 Bf5 37. Nd2 a4 38. gxf4 exf4 39. Nf1 Be6 40.
Kd2 Bd5 41. Ke2 Kd6 42. Nd2 Ke5 43. Nf1 Bf3+ 44. Ke1 Kf5 45. Nd2 Bc6 46. Ke2 g3
47. Nf3 Kg4 48. Ne5+ Kh3 49. fxg3 fxg3 50. Kf1 Kh2 51. Ng4+ Kh1 52. Nf2+ Kh2
53. Ng4+ Kh3 54. Ne3 Bf3 55. Kg1 Kh4 56. Nf5+ Kg5 57. Nd4 Bd1 58. Nxb5 Be2 59.
c4 Bxd3 60. Nc3 Bxc4 1/2-1/2

[Event "Cto Equipos Aragon 2013 Div. Honor II"]
[Site "Aragon"]
[Date "2013.01.26"]
[Round "1.27"]
[White "Romon Poves, Raul"]
[Black "Jaques Burguete, Raul"]
[Result "1-0"]
[WhiteElo "2299"]
[BlackElo "2027"]
[PlyCount "75"]
[EventDate "2013.??.??"]
[EventType "tourn"]
[EventRounds "7"]
[EventCountry "ESP"]
[WhiteTeam "Ibercaja"]
[BlackTeam "St. Casablanca B"]

1. e4 d5 2. exd5 Nf6 3. Nf3 Nxd5 4. d4 Bf5 5. Bd3 Bxd3 6. Qxd3 Nc6 7. O-O Qd6
8. c4 Nf4 9. Qe4 Ng6 10. Nc3 O-O-O 11. d5 Nce5 12. Nb5 Nxf3+ 13. Qxf3 Qf6 14.
Qg3 Rd7 15. Nxa7+ Kb8 16. Bg5 Qd4 17. Qh3 Rd8 18. Nc6+ bxc6 19. Rfd1 Qxc4 20.
dxc6 Rd5 21. Qd7 e6 22. Rxd5 Qxd5 23. Rd1 Qxg5 24. Qe8+ Ka7 25. Qc8 Qb5 26.
Qxc7+ Ka6 27. Qc8+ Ka5 28. Qa8+ Qa6 29. Qd8+ Kb5 30. a4+ Kxc6 31. Qd7+ Kb6 32.
b4 Bxb4 33. Rb1 Ka5 34. Rc1 Rb8 35. Rc6 Qb7 36. Rc7 Qd5 37. Ra7+ Kb6 38. Qc7#
1-0

[Event "Cto Equipos Aragon 2013 Div. Honor II"]
[Site "Aragon"]
[Date "2013.01.26"]
[Round "1.28"]
[White "Garcia Andres, Daniel"]
[Black "Aguirre Izaguirre, Pedro Jose"]
[Result "1-0"]
[WhiteElo "2024"]
[BlackElo "2217"]
[PlyCount "73"]
[EventDate "2013.??.??"]
[EventType "tourn"]
[EventRounds "7"]
[EventCountry "ESP"]
[WhiteTeam "St. Casablanca B"]
[BlackTeam "Ibercaja"]

1. e4 c5 2. Nc3 Nc6 3. f4 e6 4. Nf3 a6 5. a4 d5 6. exd5 exd5 7. Ne5 Nf6 8. g3
Qe7 9. Qe2 Nd4 10. Qd1 Ng4 11. Nxd5 Qd6 12. Ne3 Nxe5 13. fxe5 Qxe5 14. Bg2 Be7
15. O-O O-O 16. c3 Ne6 17. Nf5 Bf6 18. Ne3 Bd8 19. Rf5 Qd6 20. d3 Rb8 21. Rd5
Qc7 22. Nf5 Bf6 23. Qf3 Bg5 24. Qe4 Bxc1 25. Rxc1 g6 26. Nh6+ Kg7 27. Ng4 f5
28. Qe5+ Qxe5 29. Nxe5 Rd8 30. Re1 Kf6 31. Rxd8 Nxd8 32. Bd5 b5 33. a5 Ne6 34.
Nc6 Rb7 35. Bxe6 Bxe6 36. Rxe6+ Kxe6 37. Nd8+ 1-0

[Event "Cto Equipos Aragon 2013 Div. Honor II"]
[Site "Aragon"]
[Date "2013.01.26"]
[Round "1.30"]
[White "Trigo Conde, Isaac"]
[Black "Guetas Sanchez, Hugo"]
[Result "1/2-1/2"]
[WhiteElo "2270"]
[BlackElo "2163"]
[PlyCount "191"]
[EventDate "2013.??.??"]
[EventType "tourn"]
[EventRounds "7"]
[EventCountry "ESP"]
[WhiteTeam "Actur Rey Fernando"]
[BlackTeam "L`Aurora Estadilla"]

1. c4 c6 2. g3 d5 3. Bg2 e6 4. Nf3 f5 5. O-O Nf6 6. d3 Bd6 7. Nc3 d4 8. Nxd4
Bxg3 9. fxg3 Qxd4+ 10. e3 Qd6 11. d4 O-O 12. b3 Na6 13. Bb2 Ng4 14. Qf3 e5 15.
dxe5 Qh6 16. h3 Nxe5 17. Qf4 Qxf4 18. exf4 Nd3 19. Ba3 Rd8 20. Rad1 Be6 21. Nd5
cxd5 22. Rxd3 dxc4 23. Rxd8+ Rxd8 24. Bxb7 Nc7 25. bxc4 Rd2 26. Re1 Rd3 27. Bc5
Rxg3+ 28. Kf2 Rc3 29. Bxa7 Rxc4 30. Kg3 Rc3+ 31. Kh4 Bxa2 32. Bd4 Rc4 33. Be5
Kf7 34. Ra1 Rc2 35. Rxa2 Rxa2 36. Bxc7 Ra7 37. Bd5+ Kg6 38. Be5 Ra3 39. Bc6 Kf7
40. Bd7 g6 41. Bb5 Ke7 42. Bc4 Ra4 {ofrece tablas} 43. Bb3 Ra3 44. Bd5 Rd3 45.
Bc4 Ra3 46. Bf1 Rf3 47. Bg2 Re3 48. Bd4 Rd3 49. Bc5+ Kf6 50. Bb6 h6 51. Bf1 g5+
52. Kh5 Rf3 53. Bd4+ Ke7 54. Bc5+ {ofrece tablas} Kf6 55. Bd4+ Ke7 56. Bc5+ Kf7
57. Bc4+ Kg7 58. h4 Rxf4 59. hxg5 Rxc4 60. gxh6+ Kh7 61. Be7 Rg4 62. Bg5 Rg2
63. Bf4 Kg8 64. Be5 Rg4 65. Bf6 Kh7 66. Bg5 Re4 67. Bd2 Re2 68. Bc1 Rc2 69. Be3
Rc3 70. Bf4 Rc5 71. Kg5 Rb5 72. Bd2 Rd5 73. Bc1 Rc5 74. Be3 Rb5 75. Bd2 f4+ 76.
Kxf4 Kxh6 77. Ke4+ Kg6 78. Bc3 Kf7 79. Be5 Ke6 80. Bc3 Rh5 81. Bd2 Rh4+ 82. Bf4
Kf6 83. Kf3 Kf5 84. Bg3 Rh3 85. Kg2 Kg4 86. Bf2 Ra3 87. Bc5 Ra2+ 88. Kh1 Kg3
89. Bb6 Rc2 90. Bd4 Rc1+ 91. Bg1 Kf3 92. Kh2 Rc2+ 93. Kh1 Kg3 94. Bd4 Re2 95.
Bc5 Rc2 96. Bd4 {triple repetición} 1/2-1/2

[Event "Cto Equipos Aragon 2013 Div. Honor II"]
[Site "Aragon"]
[Date "2013.01.26"]
[Round "1.31"]
[White "Solano Lasierra, Javier"]
[Black "Garcia Vicente, Nieves"]
[Result "1/2-1/2"]
[WhiteElo "2188"]
[BlackElo "2213"]
[PlyCount "39"]
[EventDate "2013.??.??"]
[EventType "tourn"]
[EventRounds "7"]
[EventCountry "ESP"]
[WhiteTeam "L`Aurora Estadilla"]
[BlackTeam "Actur Rey Fernando"]

1. c4 e6 2. g3 d5 3. Bg2 dxc4 4. Na3 Nf6 5. Nxc4 c5 6. b3 Be7 7. Bb2 O-O 8. Nf3
Nc6 9. O-O Nd5 10. Rc1 b6 11. Nce5 Nxe5 12. Nxe5 Bb7 13. d4 Rc8 14. Nd3 cxd4
15. Bxd4 Bf6 16. Rxc8 Qxc8 17. Bxf6 Nxf6 18. Bxb7 Qxb7 19. Ne5 Qc7 20. Nd3
1/2-1/2

[Event "Cto Equipos Aragon 2013 Preferente I"]
[Site "Aragon"]
[Date "2013.01.26"]
[Round "1.33"]
[White "Del Corral Abancens, Alfonso"]
[Black "Maza Broto, Pablo"]
[Result "0-1"]
[WhiteElo "1923"]
[BlackElo "2037"]
[PlyCount "93"]
[EventDate "2013.??.??"]
[EventType "tourn"]
[EventRounds "9"]
[EventCountry "ESP"]
[WhiteTeam "Shatranj"]
[BlackTeam "Jaime Casas B"]

1. e4 e6 2. Qe2 b6 3. f4 d5 4. exd5 Qxd5 5. Nc3 Qd7 6. Nf3 Ba6 7. d3 Nc6 8. Be3
Bb4 9. g3 Nf6 10. Bd2 O-O 11. Bg2 Rad8 12. O-O Nd4 13. Nxd4 Bc5 14. h3 Bxd4+
15. Kh2 Rfe8 16. Rae1 c5 17. Bc1 c4 18. dxc4 Bxc3 19. bxc3 Rc8 20. Qe3 Bxc4 21.
Rd1 Qa4 22. Rf2 Qxa2 23. g4 Qa5 24. g5 Nd5 25. Qe5 Nxc3 26. Qxa5 bxa5 27. Rd7
a6 28. Bb7 Rcd8 29. Rc7 Nd1 30. Rd2 Bb5 31. c4 Ba4 32. Bxa6 h6 33. c5 hxg5 34.
fxg5 Ra8 35. Be2 Nc3 36. Bf3 Rac8 37. Rxc8 Rxc8 38. Bb2 Rxc5 39. Rd8+ Kh7 40.
Ra8 Bc2 41. Ra7 Bg6 42. h4 Nb5 43. Rb7 Rc2+ 44. Kg3 Rxb2 45. h5 Rb3 46. hxg6+
Kxg6 47. Rb6 0-1

[Event "Cto Equipos Aragon 2013 Preferente I"]
[Site "Aragon"]
[Date "2013.01.26"]
[Round "1.34"]
[White "Rodriguez Leiva, Manuel"]
[Black "Ballonga Arruebo, Alejandro"]
[Result "1-0"]
[WhiteElo "2034"]
[BlackElo "1706"]
[PlyCount "34"]
[EventDate "2013.??.??"]
[EventType "tourn"]
[EventRounds "9"]
[EventCountry "ESP"]
[WhiteTeam "Jaime Casas B"]
[BlackTeam "Shatranj"]

1. d4 e6 2. f4 f5 3. Nf3 Nf6 4. e3 b6 5. Bd3 Bb7 6. O-O Be7 7. c4 O-O 8. Nc3
Na6 9. a3 c5 10. d5 Nc7 11. Qe2 exd5 12. cxd5 g6 13. Bc4 b5 14. Nxb5 Ncxd5 15.
Rd1 Kh8 16. Nc3 Nb6 17. Bd2 Ne4 1-0

[Event "Cto Equipos Aragon 2013 Preferente I"]
[Site "Aragon"]
[Date "2013.01.26"]
[Round "1.35"]
[White "Aznar Andres, Pilar"]
[Black "Salas Latorre, Jose"]
[Result "0-1"]
[WhiteElo "1609"]
[BlackElo "1797"]
[PlyCount "52"]
[EventDate "2013.??.??"]
[EventType "tourn"]
[EventRounds "9"]
[EventCountry "ESP"]
[WhiteTeam "Shatranj"]
[BlackTeam "Jaime Casas B"]

1. e4 d5 2. exd5 Nf6 3. Bb5+ Bd7 4. Bxd7+ Qxd7 5. c4 c6 6. dxc6 Nxc6 7. Nf3 e5
8. O-O Bd6 9. Nc3 O-O 10. b3 Rad8 11. Bb2 Bc7 12. Qe2 Rfe8 13. Ne4 Nxe4 14.
Qxe4 f5 15. Qh4 e4 16. Ng5 h6 17. Nh3 Qxd2 18. Bc1 Qd7 19. Nf4 g5 20. Qxh6 Bxf4
21. Qg6+ Qg7 22. Qxf5 Qxa1 23. Bxf4 Qg7 24. Be3 Re5 25. Qg4 a6 26. Bb6 Rd7 0-1

[Event "Cto Equipos Aragon 2013 Preferente I"]
[Site "Aragon"]
[Date "2013.01.26"]
[Round "1.36"]
[White "Olivan Alvira, Alejandro"]
[Black "Alvaro Rada, Gonzalo"]
[Result "1/2-1/2"]
[WhiteElo "1568"]
[BlackElo "1581"]
[PlyCount "28"]
[EventDate "2013.??.??"]
[EventType "tourn"]
[EventRounds "9"]
[EventCountry "ESP"]
[WhiteTeam "Jaime Casas B"]
[BlackTeam "Shatranj"]
[TimeControl "300"]

{479MB, Fritz10.ctg} 1. d4 d5 2. Bf4 Bf5 3. Nf3 Nf6 4. e3 e6 5. Bd3 Ne4 6. Nbd2
Bd6 7. Bxd6 Nxd6 8. Bxf5 exf5 9. Ne5 Nd7 10. Ndf3 O-O 11. O-O f6 12. Nxd7 Qxd7
13. Re1 Rae8 14. e4 dxe4 1/2-1/2

[Event "Cto Equipos Aragon 2013 Preferente I"]
[Site "Aragon"]
[Date "2013.01.26"]
[Round "1.37"]
[White "Malo Guillen, Jose Luis"]
[Black "Royo Onde, Manuel"]
[Result "1-0"]
[WhiteElo "2170"]
[BlackElo "1829"]
[PlyCount "31"]
[EventDate "2013.??.??"]
[EventType "tourn"]
[EventRounds "9"]
[EventCountry "ESP"]
[WhiteTeam "Las Fuentes"]
[BlackTeam "Ramiro C"]

1. d4 d5 2. c4 e6 3. Nf3 c6 4. g3 f5 5. Bg2 Nf6 6. O-O Be7 7. b3 O-O 8. Ba3
Nbd7 9. Bxe7 Qxe7 10. Qc2 Ne4 11. Nc3 Kh8 12. e3 Ndf6 13. Ne5 Nd6 14. Ne2 Bd7
15. Nf4 g5 16. Nfg6+ 1-0

[Event "Cto Equipos Aragon 2013 Preferente I"]
[Site "Aragon"]
[Date "2013.01.26"]
[Round "1.38"]
[White "Gaston Cabello, Jorge Luis"]
[Black "Alonso Blasco, Jose Miguel"]
[Result "0-1"]
[WhiteElo "1806"]
[BlackElo "2116"]
[PlyCount "74"]
[EventDate "2013.??.??"]
[EventType "tourn"]
[EventRounds "9"]
[EventCountry "ESP"]
[WhiteTeam "Ramiro C"]
[BlackTeam "Las Fuentes"]

1. c4 Nf6 2. Nc3 e6 3. e4 d5 4. cxd5 exd5 5. e5 Ne4 6. Nxe4 dxe4 7. Qa4+ Nc6 8.
Qxe4 Qd4 9. Bd3 Qxe5 10. Nf3 Qxe4+ 11. Bxe4 Bd7 12. O-O Bd6 13. d4 O-O 14. Be3
Rae8 15. Bd5 b6 16. Rac1 Nb4 17. Bc4 Be6 18. a3 Bxc4 19. Rxc4 Nd5 20. Re1 Re7
21. Rc2 Rfe8 22. Bd2 Rxe1+ 23. Bxe1 a5 24. Kf1 f6 25. Re2 Rxe2 26. Kxe2 Nf4+
27. Kf1 Kf7 28. g3 Nd3 29. Bc3 Ke6 30. Ke2 Nc1+ 31. Ke3 Kd5 32. Bd2 Nb3 33. Bc3
Kc4 34. Ke4 Bxa3 35. Bxa5 Bxb2 36. Bxb6 cxb6 37. d5 Nc5+ 0-1

[Event "Cto Equipos Aragon 2013 Preferente I"]
[Site "Aragon"]
[Date "2013.01.26"]
[Round "1.39"]
[White "Mombiela de Sus, Jose Luis"]
[Black "Garcia Artal, Obdulio"]
[Result "1-0"]
[WhiteElo "2030"]
[BlackElo "1693"]
[PlyCount "77"]
[EventDate "2013.??.??"]
[EventType "tourn"]
[EventRounds "9"]
[EventCountry "ESP"]
[WhiteTeam "Las Fuentes"]
[BlackTeam "Ramiro C"]

1. c4 Nf6 2. g3 e5 3. Bg2 d6 4. Nc3 Be7 5. e4 Nc6 6. Nge2 O-O 7. O-O Bd7 8. h3
h6 9. d3 Nh7 10. Be3 Bg5 11. f4 exf4 12. gxf4 Bh4 13. d4 g5 14. d5 Ne7 15. f5
f6 16. Bf3 c5 17. dxc6 Bxc6 18. Nd4 Bd7 19. Qb3 Kh8 20. Rfd1 Nc6 21. Nxc6 Bxc6
22. Kg2 Qe7 23. Rd3 Qe5 24. Kh1 Qg3 25. Bg2 h5 26. Rad1 g4 27. Bg5 Qe5 28. Bxh4
gxh3 29. Rxh3 Rg8 30. Nd5 Bxd5 31. Rxd5 Qf4 32. Qf3 Qc1+ 33. Rd1 Qxb2 34. Rg1
Rg4 35. Bf2 Rag8 36. Rxh5 Qxa2 37. Rxh7+ Kxh7 38. Qh3+ Kg7 39. Qxg4+ 1-0

[Event "Cto Equipos Aragon 2013 Preferente I"]
[Site "Aragon"]
[Date "2013.01.26"]
[Round "1.40"]
[White "Laborda Perez, Jose Antonio"]
[Black "Javierre Conesa, Alfonso"]
[Result "0-1"]
[WhiteElo "1599"]
[BlackElo "2011"]
[PlyCount "86"]
[EventDate "2013.??.??"]
[EventType "tourn"]
[EventRounds "9"]
[EventCountry "ESP"]
[WhiteTeam "Ramiro C"]
[BlackTeam "Las Fuentes"]

1. d4 d5 2. Nf3 Nf6 3. Bf4 c5 4. e3 Nc6 5. Be2 Bf5 6. a3 e6 7. Nbd2 a6 8. c3
Be7 9. dxc5 Bxc5 10. O-O h6 11. Qb3 Qe7 12. h3 O-O 13. Qd1 Rfd8 14. Nd4 Bg6 15.
Nxc6 bxc6 16. Nf3 Nd7 17. b4 Bb6 18. Bg3 Rdc8 19. Qd2 Nf6 20. Bh4 Bc7 21. Bd3
Bxd3 22. Qxd3 g5 23. Nxg5 hxg5 24. Bxg5 Qd6 25. f4 Ne4 26. Bh4 Rf8 27. Qe2 f5
28. Qh5 Rf7 29. Be1 Bb6 30. Qf3 Raa7 31. Rd1 Qf8 32. Kh2 Qh6 33. Rg1 Rg7 34. c4
Bd8 35. cxd5 cxd5 36. Rc1 Rac7 37. Bf2 Bh4 38. Bxh4 Qxh4 39. g3 Qf6 40. Rxc7
Rxc7 41. Qh5 Rc2+ 42. Rg2 Rxg2+ 43. Kxg2 Qb2+ 0-1

[Event "Cto Equipos Aragon 2013 Preferente I"]
[Site "Aragon"]
[Date "2013.01.26"]
[Round "1.41"]
[White "Soriano Ascaso, Ignacio"]
[Black "Lamas Mercadal, Manuel"]
[Result "1-0"]
[WhiteElo "2131"]
[BlackElo "2191"]
[PlyCount "96"]
[EventDate "2013.??.??"]
[EventType "tourn"]
[EventRounds "9"]
[EventCountry "ESP"]
[WhiteTeam "Sabiñanigo"]
[BlackTeam "CCOO Delicias"]

1. b4 d5 2. Bb2 c6 3. e3 Qb6 4. a3 a5 5. b5 Nd7 6. Nf3 Ngf6 7. a4 e6 8. c4 Be7
9. d4 c5 10. Nbd2 O-O 11. Be2 cxd4 12. Bxd4 Bc5 13. O-O Bxd4 14. exd4 dxc4 15.
Nxc4 Qd8 16. Nfe5 Nb6 17. Rc1 Nbd5 18. Bf3 Qe7 19. Qe2 Nb4 20. Nb6 Rb8 21. Qc4
Qd8 22. Nxc8 Rxc8 23. Qxc8 Qxc8 24. Rxc8 Rxc8 25. Bxb7 Rc2 26. Nc6 Nxc6 27.
Bxc6 Kf8 28. Rb1 Ke7 29. g4 Kd6 30. g5 Nd7 31. Bxd7 Kxd7 32. b6 Kc8 33. Rb5 Kb7
34. Rc5 Ra2 35. Rxa5 Kxb6 36. Ra8 Kb7 37. Rf8 Rxa4 38. Rxf7+ Kc6 39. Rxg7 Rxd4
40. h3 Rd5 41. Kg2 Kd6 42. Kg3 Ke5 43. Rxh7 Rd3+ 44. f3 Rd1 45. f4+ Ke4 46. Re7
Rd3+ 47. Kg4 Rd1 48. Rxe6+ Kd5 1-0

[Event "Cto Equipos Aragon 2013 Preferente I"]
[Site "Aragon"]
[Date "2013.01.26"]
[Round "1.42"]
[White "Roche Simon, Manuel Angel"]
[Black "Pardo Calvo, Carlos"]
[Result "1-0"]
[WhiteElo "2134"]
[BlackElo "1818"]
[PlyCount "57"]
[EventDate "2013.??.??"]
[EventType "tourn"]
[EventRounds "9"]
[EventCountry "ESP"]
[WhiteTeam "CCOO Delicias"]
[BlackTeam "Sabiñanigo"]

1. e4 c5 2. Nf3 d6 3. d4 cxd4 4. Nxd4 Nf6 5. Nc3 a6 6. Bg5 e6 7. f4 Be7 8. Qf3
Qc7 9. O-O-O Nc6 10. Nb3 O-O 11. Kb1 Rb8 12. g4 b5 13. Bxf6 Bxf6 14. g5 Bxc3
15. Qxc3 Bb7 16. Rg1 Rfc8 17. Bd3 b4 18. Qe1 a5 19. Qh4 e5 20. Rg3 a4 21. Na1
Nd4 22. Rdg1 a3 23. Qxh7+ Kf8 24. Qh8+ Ke7 25. Qxg7 axb2 26. Qf6+ Kd7 27. Nb3
Ra8 28. Nxd4 Qa5 29. Qxf7+ 1-0

[Event "Cto Equipos Aragon 2013 Preferente I"]
[Site "Aragon"]
[Date "2013.01.26"]
[Round "1.43"]
[White "Garcia Estruch, Jorge"]
[Black "Naya Sancho, Jose Ignacio"]
[Result "0-1"]
[WhiteElo "1796"]
[BlackElo "2130"]
[PlyCount "38"]
[EventDate "2013.??.??"]
[EventType "tourn"]
[EventRounds "9"]
[EventCountry "ESP"]
[WhiteTeam "Sabiñanigo"]
[BlackTeam "CCOO Delicias"]

1. e4 c5 2. d4 cxd4 3. c3 Nc6 4. cxd4 d5 5. exd5 Qxd5 6. Be3 e6 7. Nc3 Bb4 8.
Nge2 Nf6 9. Nf4 Qa5 10. Qc2 O-O 11. Nd3 Rd8 12. Nxb4 Qxb4 13. O-O-O Nxd4 14. a3
Qb6 15. Qa4 e5 16. Bxd4 exd4 17. Ne2 Bf5 18. b4 Rac8+ 19. Kb2 Bc2 0-1

[Event "Cto Equipos Aragon 2013 Preferente I"]
[Site "Aragon"]
[Date "2013.01.26"]
[Round "1.44"]
[White "Llanes Luno, Pedro Alfredo"]
[Black "Paño Pinilla, Ernesto"]
[Result "1-0"]
[WhiteElo "2102"]
[BlackElo "1565"]
[PlyCount "28"]
[EventDate "2013.??.??"]
[EventType "tourn"]
[EventRounds "9"]
[EventCountry "ESP"]
[WhiteTeam "CCOO Delicias"]
[BlackTeam "Sabiñanigo"]

1. e4 e5 2. d4 exd4 3. Qxd4 Nc6 4. Qe3 Be7 5. Nc3 d6 6. Bd2 Nf6 7. O-O-O O-O 8.
f3 Be6 9. Nge2 Qd7 10. Nf4 Nb4 11. a3 Nc6 12. g4 h6 13. b4 Ne5 14. g5 hxg5 1-0

[Event "Cto Equipos Aragon 2013 Preferente I"]
[Site "Aragon"]
[Date "2013.01.26"]
[Round "1.45"]
[White "Pellicer Cemeli, Jose Luis"]
[Black "Aparicio Navarro, Pedro Jose"]
[Result "1/2-1/2"]
[WhiteElo "2068"]
[BlackElo "2175"]
[PlyCount "60"]
[EventDate "2013.??.??"]
[EventType "tourn"]
[EventRounds "9"]
[EventCountry "ESP"]
[WhiteTeam "L`Aurora Estadilla B"]
[BlackTeam "Helios B"]

1. d4 Nf6 2. c4 c5 3. d5 b5 4. f3 bxc4 5. e4 d6 6. Bxc4 g6 7. Nc3 Bg7 8. Be3
Nbd7 9. Qd2 O-O 10. Bh6 Rb8 11. Bxg7 Kxg7 12. Nge2 Ne5 13. b3 Nxc4 14. bxc4 Ba6
15. h4 Bxc4 16. h5 Qa5 17. hxg6 fxg6 18. Nf4 Kf7 19. Ne6 Rh8 20. Rc1 Qa3 21.
Rc2 Ke8 22. Qh6 Bd3 23. Rc1 Rb2 24. Qxg6+ Kd7 25. Qf5 Rc8 26. Nxc5+ Kd8 27.
Ne6+ Ke8 28. Ng7+ Kd8 29. Ne6+ Ke8 30. Ng7+ Kd8 1/2-1/2

[Event "Cto Equipos Aragon 2013 Preferente I"]
[Site "Aragon"]
[Date "2013.01.26"]
[Round "1.46"]
[White "Munoz Munoz, Juan Carlos"]
[Black "Puertolas Serena, Arturo"]
[Result "1-0"]
[WhiteElo "2092"]
[BlackElo "1920"]
[PlyCount "89"]
[EventDate "2013.??.??"]
[EventType "tourn"]
[EventRounds "9"]
[EventCountry "ESP"]
[WhiteTeam "Helios B"]
[BlackTeam "L`Aurora Estadilla B"]

1. d4 Nf6 2. Nf3 g6 3. g3 d5 4. Bg2 Bg7 5. O-O O-O 6. c4 c6 7. Nc3 Re8 8. Bf4
dxc4 9. e4 Bg4 10. Qe2 Nh5 11. Be3 Nd7 12. Qxc4 e5 13. Ng5 Qe7 14. d5 Nb6 15.
Qb3 Rac8 16. d6 Qd7 17. f3 Be6 18. Nxe6 fxe6 19. Rad1 Bf8 20. f4 Bh6 21. Ne2
Rf8 22. Bh3 Rce8 23. Bxb6 axb6 24. f5 Ng7 25. fxe6 Nxe6 26. Qxb6 Rxf1+ 27. Rxf1
Qxd6 28. Qxb7 Ng5 29. Qb3+ Kh8 30. Bg2 Qc5+ 31. Kh1 Rf8 32. Rxf8+ Qxf8 33. Qc3
Qd6 34. Qc2 Ne6 35. a4 c5 36. Nc3 Nd4 37. Qf2 Kg7 38. Nd5 Bc1 39. h4 h5 40. a5
Qa6 41. Kh2 Qd6 42. Bf1 Nb3 43. a6 Nd4 44. a7 Qd8 45. Qf6+ 1-0

[Event "Cto Equipos Aragon 2013 Preferente I"]
[Site "Aragon"]
[Date "2013.01.26"]
[Round "1.47"]
[White "Fuentes Espuna, Juan Antonio"]
[Black "Flores Samperiz, Jorge"]
[Result "0-1"]
[WhiteElo "1912"]
[BlackElo "1994"]
[PlyCount "52"]
[EventDate "2013.??.??"]
[EventType "tourn"]
[EventRounds "9"]
[EventCountry "ESP"]
[WhiteTeam "L`Aurora Estadilla B"]
[BlackTeam "Helios B"]

1. d4 Nf6 2. c4 g6 3. Nc3 Bg7 4. e4 d6 5. f4 O-O 6. Nf3 c5 7. d5 Nbd7 8. Bd3 a6
9. h3 Qc7 10. Bd2 e6 11. O-O exd5 12. cxd5 c4 13. Bc2 b5 14. a3 Bb7 15. Kh1 Nc5
16. Rc1 Rae8 17. Re1 Re7 18. Re2 Rfe8 19. Qe1 Nxd5 20. Nxd5 Bxd5 21. Ba5 Qb8
22. Kh2 Bxe4 23. Bb4 Bxb2 24. Rb1 Bxc2 25. Rxe7 Rxe7 26. Qxe7 Bxb1 0-1

[Event "Cto Equipos Aragon 2013 Preferente I"]
[Site "Aragon"]
[Date "2013.01.26"]
[Round "1.48"]
[White "Flores, Francisco"]
[Black "Pellicer Cerezuela, Miguel"]
[Result "0-1"]
[WhiteElo "1850"]
[BlackElo "1794"]
[PlyCount "72"]
[EventDate "2013.??.??"]
[EventType "tourn"]
[EventRounds "9"]
[EventCountry "ESP"]
[WhiteTeam "Helios B"]
[BlackTeam "L`Aurora Estadilla B"]

1. e4 e6 2. d4 d5 3. Nc3 Nf6 4. e5 Nfd7 5. f4 c5 6. Nf3 Nc6 7. Ne2 Be7 8. c3 f6
9. dxc5 fxe5 10. fxe5 Ndxe5 11. Nxe5 Nxe5 12. Nd4 O-O 13. Qh5 Bf6 14. Bf4 Ng6
15. Bd6 Be7 16. Bxe7 Qxe7 17. b4 a6 18. O-O-O a5 19. Kb1 axb4 20. cxb4 Rf2 21.
Be2 e5 22. Rhf1 Rxf1 23. Rxf1 exd4 24. Qxd5+ Be6 25. Qf3 Bxa2+ 26. Kb2 Bf7 27.
Ra1 Rxa1 28. Kxa1 Ne5 29. Qf5 g6 30. Qc8+ Kg7 31. b5 d3 32. Bd1 Nd7 33. Qxb7
Qe1 34. Qxd7 Qxd1+ 35. Kb2 Qc2+ 36. Ka3 Qb3# 0-1

[Event "Cto Equipos Aragon 2013 Preferente I"]
[Site "Aragon"]
[Date "2013.01.26"]
[Round "1.49"]
[White "Galve Guinea, Alejandro"]
[Black "Antonano Fernandez, Avelino"]
[Result "0-1"]
[WhiteElo "2025"]
[BlackElo "2099"]
[PlyCount "84"]
[EventDate "2013.??.??"]
[EventType "tourn"]
[EventRounds "9"]
[EventCountry "ESP"]
[WhiteTeam "El Olivar C"]
[BlackTeam "St. Casablanca C"]

1. d4 e6 2. c4 f5 3. Nc3 Nf6 4. Nf3 Be7 5. Bf4 O-O 6. e3 b6 7. Bd3 Bb7 8. Qc2
Na6 9. a3 Nh5 10. Bg3 g6 11. O-O-O d6 12. h3 Nxg3 13. fxg3 Bg5 14. Qf2 c5 15.
Kb1 Qe7 16. Nxg5 Qxg5 17. h4 Qe7 18. h5 g5 19. d5 Nc7 20. Qc2 exd5 21. cxd5 b5
22. Nxb5 Nxb5 23. Bxb5 Qe5 24. h6 Rf6 25. g4 fxg4 26. Bd3 Raf8 27. Bxh7+ Kh8
28. Bd3 Bxd5 29. Rd2 Qxe3 30. Qc3 c4 31. Bc2 Qxc3 32. bxc3 Bf7 33. Rd4 Rf2 34.
Rxg4 Bd5 35. Re1 Rxg2 36. Rxg2 Bxg2 37. Re7 Rf1+ 38. Kb2 Rf8 39. Rh7+ Kg8 40.
Rg7+ Kh8 41. Rxg5 Rf2 42. h7 Be4 0-1